000 00473nam a22001817a 4500
003 OSt
005 20151029121818.0
008 130628t xxu||||| |||| 00| 0 eng d
020 _a9780460879415
050 _aPR 4854
_b.K57 1997
082 _aIB 821.008
_bK62 2004
245 _aRudyard kipling :
_bselected and edited by Jan Hewitt.
260 _aLondon :
_bEveryman,
_c1997.
300 _avi, 101 p. ;
_c20 cm.
562 _e1
942 _2lcc
_cBK
999 _c3349
_d3349